• 首页
  • 本馆介绍
  • 公告通知
  • 最新文献
  • 馆藏检索
  • 电子资源
  • 读者导购
  • 参考咨询
  • 我的图书馆
  • 登录
  • 详细信息显示
  • 放入我的书架
  • 预约/预借图书
  • 作者相关作品
  • 分类相关作品
  • 丛书相关作品
  • 出版社相关作品

书目信息

  • 表格格式
  • 工作单格式
  • 卡片格式
题名:
古韻二十八部
    
 
作者: 赵伯愚, 著 ;杨适 整理
分册:  
出版信息: 貴陽   貴州大學出版社  2019.12
页数: 202页, 6页图版
开本: 21x27cm
丛书名: 音學四表
单 册:
中图分类: H113.6
科图分类:
主题词: 古汉语--gu han yu--音韵学--研究
电子资源:
ISBN: 978-7-5691-0278-9
000 01286nam 2200325 450
001 CAL 0120227389388
005 20230217093111.0
010    @a978-7-5691-0278-9@dCNY58.00
100    @a20220408d2019 em y0chiy0120 ea
101 0  @achi
102    @aCN@b520000
105    @aaf z 000yy
106    @ar
200 1  @a古韻二十八部@Agu yun er shi ba bu@f趙伯愚著@g楊適 ... [等] 整理
210    @a貴陽@c貴州大學出版社@d2019.12
215    @a202页, 6页图版@c图@d21x27cm
225 2  @a音學四表@Ayin xue si biao
300    @a二〇一九年貴州省出版傳媒事業發展專項資金資助
314    @a赵伯愚, 学名赵启焜, 贵阳人, 著名音韵学家, 一九四五年国立贵州大学校长张廷休礼聘为中文系教授。一九五八年任贵州大学中文系副主任, 教授, 贵州省政协委员。
330    @a本书主要采撷《说文解字》中的最初声母汇集而成, 完全按黄氏古韵二十八部、古声十九类排列。此表之作, 不啻以最简之方式介绍黄侃先生探索上古音的成果, 堪称黄侃先生分类最详尽系统的音表。
410  0 @12001 @a音學四表
518 1  @a古韵二十八部
606 0  @a古汉语@Agu han yu@x音韵学@x研究
690    @aH113.6@v5
701  0 @a赵伯愚,@Azhao bo yu@f1898-1978@4著
702  0 @a杨适@Ayang shi@4整理
730 1  @a趙伯愚@Azhao bo yu@4著
730 1  @a楊適@Ayang shi@4整理
801  0 @aCN@bBJXHZP@c20230228
905    @b1408245-7@dH113.6@e281@f3
    
    古韻二十八部/趙伯愚著/楊適 ... [等] 整理.-貴陽:貴州大學出版社,2019.12
    202页, 6页图版:图;21x27cm.-(音學四表)
    二〇一九年貴州省出版傳媒事業發展專項資金資助
    
    ISBN 978-7-5691-0278-9:CNY58.00
    本书主要采撷《说文解字》中的最初声母汇集而成, 完全按黄氏古韵二十八部、古声十九类排列。此表之作, 不啻以最简之方式介绍黄侃先生探索上古音的成果, 堪称黄侃先生分类最详尽系统的音表。
●
相关链接 在E读中查询图书 在五车中查询图书 在当当中查询图书 在豆瓣中查询图书


正题名:古韻二十八部     索取号:H113.6/281         预约/预借

序号 登录号 条形码 馆藏地/架位号 状态 备注
1 1408245   214082455   第二样本阅览室/ [索取号:H113.6/281] 在馆    
2 1408246   214082464   第四借阅区/ [索取号:H113.6/281] 在馆    
3 1408247   214082473   第四借阅区/ [索取号:H113.6/281] 在馆    
唐山师范学院图书馆 欢迎您!
大连网信软件有限公司© 版权所有